Má zmysel pojem poznatková ekonomika?
Pochopenie a porozumenie obsahu ekonomických pojmov. Problémy s objasňovaním ekonomických pojmov. Obsahová podstata pojmu hospodárstvo. Grafický model ekonomiky.
Na minha lista:
| Autor principal: | |
|---|---|
| Formato: | Capítulo de Livro |
| Idioma: | eslovaco |
| Assuntos: | |
| Tags: |
Sem tags, seja o primeiro a adicionar uma tag!
|
MARC
| LEADER | 00000naa a2200000 4500 | ||
|---|---|---|---|
| 001 | 0199702 | ||
| 005 | 20230918095922.7 | ||
| 041 | 0 | |a slo | |
| 044 | |a SK | ||
| 245 | 1 | 0 | |a Má zmysel pojem poznatková ekonomika? |c Jaroslav Husár |
| 520 | |a Pochopenie a porozumenie obsahu ekonomických pojmov. Problémy s objasňovaním ekonomických pojmov. Obsahová podstata pojmu hospodárstvo. Grafický model ekonomiky. | ||
| 610 | 2 | 0 | |a pojmy |
| 610 | 2 | 0 | |a veda ekonomická |
| 610 | 2 | 0 | |a ekonomika vedomostná |
| 610 | 2 | 0 | |a teórie ekonomické |
| 100 | 1 | |a Husár, Jaroslav | |